Directorio moral del reverendo Padre Fr. Francisco Echarri del Orden de N. Padre San Francisco en la Regular Observancia, segunda vez ilustrado, reformado y añadido (Record no. 8648)

MARC details
000 -CABECERA
campo de control de longitud fija 01214nam a2200241 a 4500
001 - NÚMERO DE CONTROL
campo de control BRCA_8997
005 - FECHA Y HORA DE LA ÚLTIMA TRANSACCIÓN
campo de control 20190320210503.0
008 - DATOS DE LONGITUD FIJA--INFORMACIÓN GENERAL
campo de control de longitud fija 140717s1776----sp-#######---#000-0#spa-#
041 ## - CÓDIGO DE LENGUA
Código de lengua del texto/banda sonora o título independiente spa
044 ## - CÓDIGO DEL PAÍS DE LA ENTIDAD EDITORA/PRODUCTORA
Código MARC del país sp
084 ## - OTRO NÚMERO DE CLASIFICACIÓN
Número de clasificación LM22
Número de documento/Ítem .L67 1776
100 1# - ENTRADA PRINCIPAL--NOMBRE DE PERSONA
Nombre de persona Lopez Muñoz, Antonio
9 (RLIN) 22330
245 10 - MENCIÓN DE TÍTULO
Título Directorio moral del reverendo Padre Fr. Francisco Echarri del Orden de N. Padre San Francisco en la Regular Observancia, segunda vez ilustrado, reformado y añadido
Mención de responsabilidad, etc. por el R. P. Fr. Antonio Lopez Muñoz, lector dos veces jubilado, Examinador Synodal, Padre de la Provincia de Cartagena, del referido Orden, y Regente de Estudios en el Colegio de la Inmaculada Concepción de la Ciudad de Murcia; segunda impresión en dos tomos.
250 ## - MENCIÓN DE EDICIÓN
Mención de edición 2a ed.
260 ## - PUBLICACIÓN, DISTRIBUCIÓN, ETC.
Lugar de publicación, distribución, etc. Murcia
Nombre del editor, distribuidor, etc. Por Felipe Teruel
Fecha de publicación, distribución, etc. 1776
300 ## - DESCRIPCIÓN FÍSICA
Extensión 548 p. (t.2)
Dimensiones 22.2 x 16 cm
500 ## - NOTA GENERAL
Nota general Con privilegio
500 ## - NOTA GENERAL
Nota general En portada: A costa de Joseph Santiago Gómez, Mercader de Libros, donde se hallará
500 ## - NOTA GENERAL
Nota general Estado físico: presenta encuadernación en pergamino con lomo semi desprendido, cintas rotas y presencia del pez de plata
650 14 - PUNTO DE ACCESO ADICIONAL DE MATERIA--TÉRMINO DE MATERIA
Término de materia o nombre geográfico como elemento de entrada Ética cristiana
Subdivisión cronológica Obras anteriores a 1800
9 (RLIN) 22125
902 ## - CATALOGADOR
Iniciales CFM
942 ## - ELEMENTOS DE PUNTO DE ACCESO ADICIONAL (KOHA)
Fuente del sistema de clasificación o colocación Library of Congress Classification
Tipo de ítem Koha Libros
Holdings
Estado de retiro Estado de pérdida Estado dañado No para préstamo Localización permanente Ubicación/localización actual Fecha de adquisición Total de préstamos Signatura topográfica completa Código de barras Fecha visto por última vez Precio válido a partir de Tipo de ítem Koha
El ejemplar forma parte de la colección y puede ser consultado según las políticas vigentes.       Biblioteca del Museo Franz Mayer (Rogerio Casas-Alatriste) Biblioteca del Museo Franz Mayer (Rogerio Casas-Alatriste) 14/07/2017   LM22 .L67 1776 CFM00280 22/03/2019 22/03/2019 Libros